000 00314nam a22001337a 4500
008 181102b xxu||||| |||| 00| 0 eng d
020 _a0812108671
041 _aeng
080 _22nd
_a612.39
100 _a10
101 _aNUT
245 _aNutrition, Weight Control, and Exercise
_cKatch,F.I
942 _2udc
_cBK
999 _c51673
_d51673